El Megalitisme al Parc del Montnegre i el Corredor / Parc del Montnegre i el Corredor
Publicado:
Barcelona :
Diputació de Barcelona. Àrea d'Espais Naturals. Xarxa de Parcs Naturals ,
2011
Descripción Física:
11 p. : fot., il. col. ; 21 cm
Colección:
Patrimoni cultural
MARC
| LEADER | 00000nam a2200000Ia 4500 | ||
|---|---|---|---|
| 001 | 23382 | ||
| 008 | 160829s2011 xx 000 0 cat d | ||
| 080 | |a FU-61-18 | ||
| 110 | |a Parc del Montnegre i el Corredor (Catalunya) |9 10204 | ||
| 245 | |a El Megalitisme al Parc del Montnegre i el Corredor / Parc del Montnegre i el Corredor | ||
| 260 | |a Barcelona : |b Diputació de Barcelona. Àrea d'Espais Naturals. Xarxa de Parcs Naturals, |c 2011 | ||
| 300 | |a 11 p. : |b fot., il. col. ; |c 21 cm | ||
| 490 | |a Patrimoni cultural | ||
| 610 | 0 | |a Parc del Montnegre i el Corredor (Catalunya) |v Guies |9 52679 | |
| 650 | |a Megàlits |x Parc del Montnegre i el Corredor |9 48743 | ||
| 710 | 1 | |a Barcelona (Catalunya : Província). |b Xarxa de Parcs Naturals |9 7250 | |
| 710 | |a Barcelona (Catalunya : Província). |b Àrea d'Espais Naturals |9 9050 | ||
| 901 | |a Arxiu | ||
| 942 | |n 1 | ||
| 952 | |0 0 |1 0 |4 0 |6 FU6118 |7 1 |9 54819 |a Arxiu |b Arxiu |d 2012-01-17 |l 0 |o FU-61-18 |p 23382 |r 2016-12-01 00:00:00 |w 2016-12-01 |y ARXIU | ||
| 999 | |c 58688 |d 58688 | ||